It looks like you're offline.
Open Library logo
additional options menu

MARC record from Internet Archive

LEADER: 00772cam 2200265 a 4500
001 97014694
003 DLC
005 20001031165500.0
008 970429s1997 oru 000 1 eng
010 $a 97014694
020 $a1576731863 (alk. paper)
040 $aDLC$cDLC$dDLC
043 $an-us-ca
050 00 $aPS3568.I83165$bR58 1997
082 00 $a813/.54$221
100 1 $aRivers, Francine,$d1947-
245 10 $aRedeeming love /$cFrancine Rivers.
260 $aSisters, Or. :$bMultnomah,$cc1997.
300 $a464 p. ;$c23 cm.
500 $a"Multnomah women's fiction."
650 0 $aWomen pioneers$xFiction.
651 0 $aSan Francisco (Calif.)$xFiction.
655 7 $aHistorical fiction.$2gsafd
655 7 $aChristian fiction.$2lcsh
655 7 $aLove stories.$2gsafd